Harry Potter Trivia - Statistics

General Stats
  • This quiz has been taken 60 times
  • The average score is 12 of 15
Answer Stats
clue answer % Correct
Student that has 6 siblings ron
100%
her parents are dentists hermione
98%
position that harry plays in the question above seeker
94%
what is harrys middle name james
92%
voldemorts original name tom riddle
92%
headmaster harrys first year albus dumbledore
90%
what is the 6th book the half blood prince
90%
what creature lives in the chamber of secrets basilisk
88%
who does harry save in the chamber of secrets ginny
88%
janitor of hogwarts filch
86%
name of the train hogwarts express
86%
what is the mode of transportation to get to hogwarts train
86%
what is the stick in the deathly hallows symbol elder wand
82%
sport played at hogwarts quititch
4%
who is the half blood prince severous snape
4%
No matching quizzes found
Score Distribution
Percent of People with Each Score
Percentile by Number Answered
Your Score History
You have not taken this quiz